[Event "EU-ch 23rd"]
[Site "Vrnjacka Banja"]
[Date "2023.03.13"]
[Round "11"]
[White "Kanana, Ziad"]
[Black "Dimitrijevic, Andjela"]
[Result "1/2-1/2"]
[WhiteElo "1757"]
[BlackElo "1863"]
[PlyCount "118"]
[EventDate "2023.03.03"]
[EventType "swiss"]
[EventRounds "11"]
[EventCountry "SRB"]
[SourceTitle "CBM 213"]
[Source "ChessBase"]
[SourceDate "2023.04.30"]
[SourceVersion "1"]
[SourceVersionDate "2023.04.30"]
[SourceQuality "1"]

1. e4 c5 2. Nf3 d6 3. d4 cxd4 4. Nxd4 Nf6 5. Nc3 Nc6 6. Bg5 e6 7. Bb5 Bd7 8. Qd3 Nxd4 9. Bxd7+ Qxd7 10. Qxd4 Be7 11. 0-0-0 Rc8 12. Bxf6 Bxf6 13. Qxd6 Qxd6 14. Rxd6 Bxc3 15. bxc3 Ke7 16. Rhd1 Rc7 17. R1d3 Rhc8 18. Kb2 h6 19. R6d4 Ke8 20. Rg3 Kf8 21. Rgd3 Ke8 22. f4 Rc5 23. e5 h5 24. g3 g6 25. h3 R5c7 26. Rb4 Ke7 27. Ra4 Ra8 28. g4 hxg4 29. hxg4 Rc5 30. Rad4 Rc7 31. Rh3 Rac8 32. Re4 Rc5 33. Ra4 Ra8 34. c4 Kd7 35. Rb4 Rc7 36. Rd3+ Ke7 37. Ra3 a5 38. Rb5 Rxc4 39. Rh3 Ra7 40. f5 exf5 41. gxf5 gxf5 42. Rc3 Rb4+ 43. Rb3 Ke6 44. R3xb4 axb4 45. Kc1 f4 46. Kd2 f3 47. Ke3 f2 48. Kxf2 Rxa2 49. Rxb4 Rxc2+ 50. Kf3 Kxe5 51. Rxb7 Rc3+ 52. Kf2 f5 53. Rb4 f4 54. Rb5+ Ke4 55. Rb4+ Kf5 56. Rb8 Rc5 57. Rf8+ Ke4 58. Re8+ Re5 59. Rxe5+ Kxe5 1/2-1/2

[Event "EU-ch 23rd"]
[Site "Vrnjacka Banja"]
[Date "2023.03.04"]
[Round "2"]
[White "Kanana, Ziad"]
[Black "Angun, Batu"]
[Result "1/2-1/2"]
[WhiteElo "1757"]
[BlackElo "2206"]
[PlyCount "135"]
[EventDate "2023.03.03"]
[EventType "swiss"]
[EventRounds "11"]
[EventCountry "SRB"]
[SourceTitle "CBM 213"]
[Source "ChessBase"]
[SourceDate "2023.04.30"]
[SourceVersion "1"]
[SourceVersionDate "2023.04.30"]
[SourceQuality "1"]

1. e4 c5 2. Nf3 d6 3. d4 cxd4 4. Nxd4 Nf6 5. Nc3 a6 6. g3 e5 7. Nde2 Be7 8. Bg2 h5 9. h3 Be6 10. Be3 Nbd7 11. a4 Nb6 12. b3 h4 13. g4 Rc8 14. Qd2 Nbd7 15. a5 Nc5 16. Bg5 b5 17. axb6 Qxb6 18. 0-0 0-0 19. Rfd1 Rfd8 20. Qe3 Qb4 21. Bxf6 Bxf6 22. Qd2 Qb7 23. Nd5 Bxd5 24. Qxd5 Qb6 25. Qd2 Ne6 26. Ra2 Rc6 27. Rda1 Qc7 28. Bf1 Rc8 29. c4 Rb8 30. Rb2 Rcb6 31. Rab1 Nc5 32. Qc2 Ne6 33. Qd3 R8b7 34. b4 Qb8 35. b5 Nc5 36. Qc2 axb5 37. cxb5 Rxb5 38. Rxb5 Rxb5 39. Rxb5 Qxb5 40. Nc3 Qb4 41. Bg2 Bg5 42. Bf3 Ne6 43. Nd5 Qe1+ 44. Kg2 g6 45. Qd1 Qa5 46. Qd3 Kg7 47. Qc3 Nf4+ 48. Kh2 Qa2 49. Qe1 Nd3 50. Qe2 Qxe2 51. Bxe2 Nxf2 52. Bf3 Nd3 53. Kg1 Kh6 54. Kf1 Bf4 55. Ke2 Nc5 56. Ne7 Ne6 57. Nc8 Nd4+ 58. Kf2 Bg3+ 59. Ke3 f5 60. exf5 gxf5 61. Nxd6 Bf4+ 62. Kf2 e4 63. Nxf5+ Nxf5 64. gxf5 exf3 65. Kxf3 Bg3 66. Kg2 Kg5 67. f6 Kxf6 68. Kf3 1/2-1/2

[Event "SUI-ch U12"]
[Site "Biel"]
[Date "2022.07.20"]
[Round "6"]
[White "Mattenberger, Dominik"]
[Black "Kanana, Ziad"]
[Result "1/2-1/2"]
[WhiteElo "1699"]
[BlackElo "1740"]
[PlyCount "71"]
[EventDate "2022.07.18"]
[EventType "swiss"]
[EventRounds "7"]
[EventCountry "SUI"]
[SourceTitle "EXT 2023"]
[Source "ChessBase"]
[SourceDate "2022.10.05"]
[SourceVersion "1"]
[SourceVersionDate "2022.10.05"]
[SourceQuality "1"]

1. d4 Nf6 2. c4 g6 3. Nc3 Bg7 4. e4 d6 5. Be2 0-0 6. Bg5 c5 7. d5 e6 8. Qd2 exd5 9. exd5 Qb6 10. Nf3 Bf5 11. 0-0 Ne4 12. Nxe4 Bxe4 13. Rae1 Na6 14. b3 Bxf3 15. Bxf3 Rfe8 16. Rxe8+ Rxe8 17. Re1 Rxe1+ 18. Qxe1 Be5 19. Bg4 Qb4 20. Qe2 Qa3 21. g3 Nb4 22. f4 Bd4+ 23. Kh1 Qxa2 24. Qe8+ Kg7 25. Be7 Qb1+ 26. Kg2 Qg1+ 27. Kh3 Qf1+ 28. Kh4 Bf6+ 29. Bxf6+ Kxf6 30. Qd8+ Kg7 31. Qxd6 Nd3 32. Qe7 Qf2 33. h3 Ne1 34. Qe5+ Kg8 35. Qe8+ Kg7 36. Qe5+ 1/2-1/2

[Event "SUI-ch U12"]
[Site "Biel"]
[Date "2022.07.18"]
[Round "2"]
[White "Gafner, Lancelot"]
[Black "Kanana, Ziad"]
[Result "0-1"]
[WhiteElo "1466"]
[BlackElo "1740"]
[PlyCount "64"]
[EventDate "2022.07.18"]
[EventType "swiss"]
[EventRounds "7"]
[EventCountry "SUI"]
[SourceTitle "EXT 2023"]
[Source "ChessBase"]
[SourceDate "2022.10.05"]
[SourceVersion "1"]
[SourceVersionDate "2022.10.05"]
[SourceQuality "1"]

1. e4 c6 2. d4 d5 3. e5 Bf5 4. Nf3 e6 5. Be2 Ne7 6. 0-0 Ng6 7. Nbd2 Nf4 8. Nb3 Nxe2+ 9. Qxe2 Be7 10. Be3 0-0 11. a4 a5 12. Rac1 Nd7 13. Nc5 Nxc5 14. dxc5 Bg4 15. Rfd1 f6 16. Bd4 fxe5 17. Qxe5 Bf6 18. Qg3 Bxf3 19. gxf3 Bxd4 20. Rxd4 Qf6 21. Qg4 h5 22. Qh4 g5 23. Qxh5 Qxd4 24. Qg6+ Qg7 25. Qxe6+ Qf7 26. Qh6 Qf6 27. Qh5 Rae8 28. Kg2 Kg7 29. Rg1 Rh8 30. Qg4 Rh4 31. Qg3 Qf4 32. Qxf4 Rxf4 0-1

[Event "Adelboden op 8th"]
[Site "Adelboden"]
[Date "2021.12.12"]
[Round "4"]
[White "Kanana, Ziad"]
[Black "Madhavan, Kailash"]
[Result "1-0"]
[WhiteElo "1755"]
[BlackElo "1452"]
[PlyCount "129"]
[EventDate "2021.12.10"]
[EventType "swiss"]
[EventRounds "5"]
[EventCountry "SUI"]
[SourceTitle "CBM 205 Extra"]
[Source "ChessBase"]
[SourceDate "2022.01.31"]
[SourceVersion "1"]
[SourceVersionDate "2022.01.31"]
[SourceQuality "1"]

1. e4 c5 2. Nf3 e6 3. d4 cxd4 4. Nxd4 Nf6 5. Nc3 Nc6 6. Be3 Bb4 7. Nxc6 bxc6 8. f3 Qa5 9. Bd4 e5 10. a3 exd4 11. axb4 Qxb4 12. Ra4 Qxb2 13. Qxd4 Qc1+ 14. Kf2 Qxc2+ 15. Be2 0-0 16. Rb1 c5 17. Qxc5 Qd2 18. e5 Nh5 19. Ne4 Qh6 20. Qd5 Qc6 21. Qb3 Qe6 22. Bc4 Qxe5 23. Bd5 Bb7 24. Bxb7 Rab8 25. Rb4 Nf4 26. g3 Ne6 27. Qc3 Qxc3 28. Nxc3 Nc5 29. Be4 Rxb4 30. Rxb4 f5 31. Bd5+ Ne6 32. Ke3 Kf7 33. Rb7 Ke7 34. Bxe6 Kxe6 35. Rxa7 Rc8 36. Ra6+ d6 37. Nb5 Rd8 38. Kd4 g5 39. Rb6 Rd7 40. Rc6 h5 41. Nc7+ Ke7 42. Kd5 g4 43. f4 h4 44. Ne6 h3 45. Ng7 Kf6 46. Rxd6+ Rxd6+ 47. Kxd6 Kxg7 48. Ke5 Kg6 49. Ke6 Kh6 50. Kf6 Kh7 51. Kxf5 Kh6 52. Kxg4 Kg6 53. Kxh3 Kf5 54. Kh4 Kg6 55. Kg4 Kf6 56. h4 Kg7 57. Kg5 Kg8 58. Kg6 Kh8 59. g4 Kg8 60. f5 Kh8 61. g5 Kg8 62. h5 Kh8 63. f6 Kg8 64. f7+ Kh8 65. f8Q# 1-0

[Event "Adelboden op 8th"]
[Site "Adelboden"]
[Date "2021.12.11"]
[Round "3"]
[White "Muller Moingt, Bastien"]
[Black "Kanana, Ziad"]
[Result "1/2-1/2"]
[WhiteElo "1666"]
[BlackElo "1755"]
[PlyCount "134"]
[EventDate "2021.12.10"]
[EventType "swiss"]
[EventRounds "5"]
[EventCountry "SUI"]
[SourceTitle "CBM 205 Extra"]
[Source "ChessBase"]
[SourceDate "2022.01.31"]
[SourceVersion "1"]
[SourceVersionDate "2022.01.31"]
[SourceQuality "1"]

1. e4 c6 2. Nf3 d5 3. Nc3 dxe4 4. Nxe4 Nf6 5. Qe2 Nxe4 6. Qxe4 Nd7 7. Bc4 Nf6 8. Ne5 e6 9. Qe2 b5 10. Bb3 Qc7 11. d4 Bd6 12. 0-0 0-0 13. Re1 a5 14. a4 b4 15. Bc4 c5 16. dxc5 Qxc5 17. Nf3 Bb7 18. Bd3 h6 19. Be3 Qh5 20. h3 Nd5 21. Bd2 Nf4 22. Bxf4 Bxf4 23. Be4 Ba6 24. Bd3 Bxd3 25. Qxd3 Rfd8 26. Qe4 Bc7 27. Rad1 Qc5 28. Qe2 Qc6 29. Rxd8+ Rxd8 30. Ra1 Rd5 31. b3 Qd6 32. Re1 Bb6 33. Kh1 Qc5 34. Kg1 Qd6 35. Kh1 Bd8 36. Qe4 Bf6 37. Qc4 Bc3 38. Rf1 Qd7 39. Qa6 Qc7 40. Qa8+ Kh7 41. Qa6 g6 42. Qe2 Qd6 43. Qe4 f5 44. Qc4 Rc5 45. Qe2 Rd5 46. Qc4 Qd7 47. Qa6 g5 48. Qe2 Kg7 49. g4 Kf6 50. Qc4 Qb7 51. Kg1 Rd7 52. Qe2 Qd5 53. Kh2 Qd6+ 54. Kg1 fxg4 55. hxg4 Qf4 56. Nh2 Be5 57. Qf3 Kg6 58. Qxf4 Bxf4 59. Nf3 Rc7 60. Re1 Kf6 61. Re2 e5 62. Nd2 Bxd2 63. Rxd2 Ke6 64. f3 Rf7 65. Kg2 Rc7 66. Kf1 Rc8 67. Ke2 Rf8 1/2-1/2

[Event "Lugano Special Edition op 19th"]
[Site "Lugano"]
[Date "2021.03.14"]
[Round "4"]
[White "Reinhardt, Bernd"]
[Black "Kanana, Ziad"]
[Result "1-0"]
[WhiteElo "2196"]
[BlackElo "1816"]
[PlyCount "77"]
[EventDate "2021.03.12"]
[EventType "swiss"]
[EventRounds "5"]
[EventCountry "SUI"]
[SourceTitle "CBM 201 Extra"]
[Source "ChessBase"]
[SourceDate "2021.05.31"]
[SourceVersion "1"]
[SourceVersionDate "2021.05.31"]
[SourceQuality "1"]

1. Nf3 d5 2. d4 Nf6 3. Bf4 g6 4. e3 Bg7 5. Be2 0-0 6. 0-0 Nc6 7. Nbd2 b6 8. c4 e6 9. Rc1 Bb7 10. Ne5 Nxe5 11. Bxe5 Rc8 12. Qa4 a6 13. cxd5 exd5 14. h3 h5 15. Nf3 c5 16. dxc5 bxc5 17. Qb3 Qe7 18. Qa3 Rfe8 19. Rfd1 Ne4 20. Bxg7 Kxg7 21. Nd2 Nxd2 22. Rxd2 Red8 23. Rdc2 Kh7 24. Rxc5 Rxc5 25. Qxc5 Qxc5 26. Rxc5 Rd7 27. b4 Kg7 28. b5 Rd6 29. Rc7 Rb6 30. a4 a5 31. g4 hxg4 32. hxg4 Kf6 33. f4 Kg7 34. g5 Kf8 35. Kf2 Ke8 36. Bg4 Kf8 37. Bf3 Ke8 38. Ke2 Kf8 39. Kd2 1-0